书目信息 |
| 题名: |
中外著名发酵食品生产工艺手册
|
|
| 作者: | 康明官 编著 | |
| 分册: | ||
| 出版信息: | 北京 化学工业出版社 |
|
| 页数: | 315页 | |
| 开本: | 32开 | |
| 丛书名: | ||
| 单 册: | ||
| 中图分类: | TS205 | |
| 科图分类: | ||
| 主题词: | 食品工业 | |
| 电子资源: | ||
| ISBN: | 7-5025-1812-6 | |
| 000 | 00590nam0 2200193 45 | |
| 001 | 0006161594 | |
| 005 | 20000616152936.1 | |
| 010 | @a7-5025-1812-6@d16.00元 | |
| 100 | @a20000616d km y0chiy0120 ea | |
| 101 | 0 | @achi |
| 105 | @a z 000yy | |
| 200 | 1 | @a中外著名发酵食品生产工艺手册@AZhong Wai Zhu Ming Fa Jiao Shi Pin Sheng Chan Gong Yi Shou Ce@f康明官编著@FKang Ming Guan Bian Zhu |
| 210 | @a北京@c化学工业出版社 | |
| 215 | @a315页@d32开 | |
| 606 | 0 | @a食品工业 |
| 690 | @aTS205@v3 | |
| 701 | 0 | @a康明官@4编著 |
| 801 | @aCN@bPftUser@c20000616 | |
| 905 | @b201810-811@dTS205@eK918@f2 | |
| 中外著名发酵食品生产工艺手册/康明官编著.-北京:化学工业出版社 |
| 315页;32开 |
| ISBN 7-5025-1812-6:16.00元 |
| ● |
| 相关链接 |
|
|
|
正题名:中外著名发酵食品生产工艺手册
索取号:TS205/K918
 
预约/预借
| 序号 | 登录号 | 条形码 | 馆藏地/架位号 | 状态 | 备注 |
| 1 | 201810 | 202018100 | 自科库501/501自科库 71排1列1层/ [索取号:TS205/K918] | 在馆 | |
| 2 | 201811 | 202018119 | 期刊室512/501自科库 71排1列1层/ [索取号:TS205/K918] | 在馆 |